Visualizzazione normale
Vista MARC
- Castro, Manuel de,
di Personal Name
Records bibliografici associati: 2
001 - CONTROL NUMBER
- control field: 14676
003 - CONTROL NUMBER IDENTIFIER
- control field: IT-RoINE
005 - DATE AND TIME OF LATEST TRANSACTION
- control field: 20161007090614.0
008 - FIXED-LENGTH DATA ELEMENTS
- fixed length control field: 141121|| aca||aabn | a|a d
040 ## - CATALOGING SOURCE
- Original cataloging agency: IT-RoINE
- Transcribing agency: IT-RoINE
100 ## - HEADING--PERSONAL NAME
- Personal name: Castro, Manuel de,
- Titles and other words associated with a name: O.F.M.,
- Dates associated with a name: 1918-
670 ## - SOURCE DATA FOUND
- Source citation: Work cat.: (IT-RoINE)0: Castro, Manuel de, 1918-, San Francisco de Salamanca y su studium generale /, 1998.